Normal view MARC view
  • CHATTERJEE, C.C

Entry Personal Name

Number of records used in: 2

001 - CONTROL NUMBER

  • control field: 8510

003 - CONTROL NUMBER IDENTIFIER

  • control field: JRU

005 - DATE AND TIME OF LATEST TRANSACTION

  • control field: 20240902132754.0

008 - FIXED-LENGTH DATA ELEMENTS

  • fixed length control field: 240902|| aca||aabn | a|a d

040 ## - CATALOGING SOURCE

  • Original cataloging agency: JRU
  • Transcribing agency: JRU

100 ## - HEADING--PERSONAL NAME

  • Personal name: CHATTERJEE, C.C

670 ## - SOURCE DATA FOUND

  • Source citation: Work cat.: (JRU)8620: CHATTERJEE, C.C, HUMAN PHYSIOLOGY [VOL-1]